000 00504nam a2200193 a 4500
001 1766046744481
003 YourLibrary
005 20251222113206.0
008 251218s1998##################000#0#eng##
020 _a9781576733035
082 0 4 _a235.47
_bDIE
100 1 _aDiest, John Van,
_eauthor.
245 1 0 _a10 Things Satan Doesn't Want You to Know :
260 _bMultnomah,
_c1998.
300 _a210 pages
650 0 _aReligion.
942 _cENGLISH
040 _aYourLibrary
_beng
_cYourLibrary
999 _c603985
_d603985